000 00241nam a2200097Ia 4500
008 240331s9999 xx 000 0 und d
082 _bRAG
100 _aRaghavan, M.D
245 0 _aTamil Culture in Ceylon :
_bA General Introduction
942 _cL
999 _c5715
_d5715